000 01120cam a2200325 i 4500
001 2217334
003 OSt
005 20250901165818.0
008 751021s1976 nyu 000 1 eng
010 _a 75034311
020 _a0394497503
020 _a0394406516 (lim. ed.)
040 _aDLC
_beng
_cDLC
_dDLC
043 _an-us---
050 0 0 _aPS 3543 .I26 A6214 1976
_bA6214 1976
051 _aPS3543.I26
_bA6214 1976b
_cAnother issue. With prefixed leaf stating "Of the first edition ... three hundred copies have been specially bound and numbered. Each copy signed by the author." LC has copy no. 137.
082 0 0 _a813/.5/4
100 1 _aVidal, Gore,
_d1925-2012.
245 1 0 _a1876 :
_ba novel /
_cGore Vidal.
250 _a1st ed.
260 _aNew York :
_bRandom House,
_cc1976.
300 _a364 p. ;
_c25 cm.
651 0 _aUnited States
_xHistory
_y1865-1898
_vFiction.
655 7 _aHistorical fiction
_2lcgft
740 0 _aEighteen seventy-six.
906 _a7
_bcbc
_corignew
_d1
_eocip
_f19
_gy-gencatlg
942 _2lcc
_cBK
999 _c9550
_d9550